| 000 | 00701nam a2200217 i 4500 | ||
|---|---|---|---|
| 001 | bgj | ||
| 100 | 1 | _aELSWORTH, Steve | |
| 245 | 1 | 0 |
_aGo! : _bfor Poland : student's book / _cSteve Elsworth ; Jim Rose ; Diane Hall ; Ilona Kubrakiewicz. |
| 260 |
_aHarlow, Essex : _bLongman, _c1998. |
||
| 300 |
_a112 pp : _bill., photos ; _c30 cm. |
||
| 650 | 9 |
_aEnglish language _xTextbooks for foreigners _xTextbooks for primary schools |
|
| 700 | 1 |
_aROSE, Jim. _eco-author |
|
| 700 | 1 |
_aHALL, Diane. _eco-author |
|
| 700 | 1 |
_aKUBRAKIEWICZ, Ilona. _eco-author |
|
| 020 | _a058233599X | ||
| 040 | _cBPK | ||
| 041 | 0 | _aeng | |
| 920 | _a0-582-33599-X | ||
| 942 | _cKS | ||
| 008 | s uk f |000 0 eng | ||
| 999 |
_c48498 _d48498 |
||